An impartial enquiry into the late conduct of the city of London, relating to the excise-bill : address'd to the lord-mayor, aldermen, Common-councilmen, and citizens of London /

Saved in:
Bibliographic Details
Main Author: Common-council-man of the same city.
Corporate Authors: Corporation of London (England). Court of Common Council., City of London (England). Court of Common Council.
Format: Book
Language:English
Published: London : Printed for J. Roberts, 1733.
Series:Goldsmiths'-Kress library of economic literature ; no. 7111.
Making of the Modern World.
Subjects:
Tags: Add Tag
No Tags, Be the first to tag this record!
LEADER 01247cam a2200313Ia 4500
001 007409727-X
005 20070428115424.0
008 911018s1733 enk s 000 0 eng d
010 |a nuc87554643  
035 0 |a ocm24586308 
040 |a ResP  |c RQM  |d GKS 
043 |a e-uk-en 
050 4 |a HB161  |b .G64 no. 7111 
090 |a HB161  |b .G64 no. 7111 
100 0 |a Common-council-man of the same city. 
245 1 3 |a An impartial enquiry into the late conduct of the city of London, relating to the excise-bill :  |b address'd to the lord-mayor, aldermen, Common-councilmen, and citizens of London /  |c by a Common-council-man of the same city. 
260 |a London :  |b Printed for J. Roberts,  |c 1733. 
300 |a 40 p. 
500 |a Master microform held by: ResP. 
510 4 |a Hanson  |c 4561 
500 |a Goldsmiths'-Kress no. 07111. 
650 0 |a Excise tax  |z England  |z London. 
650 0 |a Taxation of articles of consumption  |z England  |z London. 
710 1 |a Corporation of London (England).  |b Court of Common Council. 
710 1 |a City of London (England).  |b Court of Common Council. 
830 0 |a Goldsmiths'-Kress library of economic literature ;  |v no. 7111.  |5 bak 
830 0 |a Making of the Modern World.  |5 net 
988 |a 20020608 
906 |0 OCLC